| 000 | 00659nam a2200205 a 4500 | ||
|---|---|---|---|
| 001 | BRCA_1402 | ||
| 005 | 20190320203419.0 | ||
| 008 | 900806s1990 sp-a---##b---#001-0#spa-# | ||
| 020 | _a9684062176 | ||
| 050 | 4 |
_aF1386.3 _b.L83 1990 |
|
| 100 | 1 |
_aLuca de Tena, Torcuato _94586 |
|
| 245 | 1 | 0 |
_aCiudad de México _ben tiempos de Maximiliano _cTorcuato Luca de Tena. |
| 260 |
_aMéxico _bPlaneta _c1990 |
||
| 300 |
_a183 p. _bil. (algunas a color) _c21 cm. |
||
| 440 | 0 |
_aCiudades en la historia _94587 |
|
| 500 | _aIncluye índice de nombres y apéndices | ||
| 504 | _aBibliografía: p. 174-176. | ||
| 651 | 4 |
_aCiudad de México _xHistoria _9691 |
|
| 942 |
_2lcc _cB |
||
| 999 |
_c1264 _d1264 |
||